000 00461nam a2200193Ia 4500
003 GCL
008 140319s9999 xx 000 0 eng d
040 _aGCL /
_cGCL
082 0 4 _a892.76
_bH C
100 1 _aHAQQI, YEHIA
245 1 0 _aCHOC /
_cHAQQI, YEHIA
260 _a[S.N] :
_bEDITIONS DENOEL ،
_c1991
300 _a176 P
650 0 4 _aLITERATURE
650 0 4 _aARABIC LITERATURE
650 0 4 _aFICTION
650 0 4 _aARABIC FICTION
942 _2ddc
_cBK
999 _c13958
_d13958